000 00468nam a2200181Ia 4500
001 19610
005 20260306172706.0
008 260306t2018||||xx |||||||||||||| ||spa||
041 _aESP
082 _a340.7
_bE373 Nº 34
100 _aRodríguez Iturri, Róger
_eAUT
245 0 _aInstituciones del derecho familiar no patrimonial peruano
260 _c2018
300 _a182 páginas :
_c20 cm.
650 _aGEN
654 _aCDE
942 _cLIB
_dJUS
_fJUS
_2ddc
_n
999 _c19610
_d19610